000 00374nam a2200157Ia 4500
003 GCL
008 140319s9999 xx 000 0 ara d
040 _aGCL /
_cGCL
082 0 4 _a891.7
_bا ى
245 1 0 _aيهوذا الاسخربوطى
300 _a15 ص
490 _a
650 0 4 _aالادب الروسى
650 0 4 _aالقصص الروسية
942 _2ddc
_cBK
999 _c37997
_d37997